Datum a čas kvízu
18.5
Celkem bodů
Celkový počet nahraných bodů na tomto kvízu bez doplňovacích otázek.
7.
Pořadí na kvízu
Konečné umístění týmu na tomto kvízu.
Zaznamenané odpovědi
| # | Otázka | Odpověď | Body | Výsledky |
|---|---|---|---|---|
| 1. | „Já v pondělí předložím návrh... | 6 000 Kč | 1 | |
| 2. | Jeden výrobce pneumatik zakáza... | Goodyear | 0 | |
| 3. | Stanice CNN Prima News, která... | Markéta Fialová | 0 | |
| 4. | Potravinářská společnost Knorr... | Cikánská omáčka | 1 | |
| 5. | Hokejová Kometa Brno si připsa... | Jakub Klepiš | 0 | |
| 6. | Začneme u nás, konkrétně drama... | Kat a blázen | 0 | |
| 7. | Jak se jmenují tři sestry ve s... | C | 1 | |
| 8. | William Shakespeare pochopitel... | George Bernard Shaw | 1 | |
| 9. | Nyní se podíváme na divadlo ja... | provaziště | 1 | |
| 10. | Jak se jmenuje veleúspěšná hra... | Hrdý Budžes | 0 |